000 01024nam a2200253 a 4500
001 84378
003 BD-RjUL
005 20241127112853.0
008 241127s2023 bg a|||| m||| 00| 0 eng d
035 _a(BD-RjUL)84378
040 _aBD-RjUL
_beng
_cBD-RjUL
_dBD-RjUL
041 _aeng
082 _a638.2
_223
_bHOS 2023
100 _aHossain, Md. Shakhwat
_914449
245 1 0 _aSeparation and Characterization of Sericin from Silkworm (Bombyx Mori L.) cocoon nd Stsfy on its Application /
_cBy Md. Shakhwat Hossain ;
_6Supervisor : Md. Tariqul Hasan, Co-Supervisor : Mohd Riushown Ali
260 _aRajshahi :
_bDepartment of Chemistry, University of Rajshahi,
_c2023
300 _axxii, 247 Leaves :
_bill, ;
_c29 cm.
502 _aThesis (Ph. D.) -- Department of Chemistry, University of Rajshahi, 2023
504 _aReferences : Leaves 173-222
650 _aSilkworm
_vSeparation
_914450
700 _aHasan, Md. Tariqul, Supervisor
_914451
700 _aAli, Mohd Riushown, Co-Supervisor
_914452
942 _2ddc
_cTHE
999 _c84378
_d84378